El juego de la patentes [juego] /

Guardado en:
Formato: Objeto Físico
Publicado: Argentina : Ruibal, c1998.
Materias:
Etiquetas: Agregar Etiqueta
Sin Etiquetas, Sea el primero en etiquetar este registro!
LEADER 00814nrm a22001575g 4500
001 CEM.cems019273
008 130507s1998##################0###0#####d
005 20220830105034.0
003 CEMS
245 0 0 |a El juego de la patentes [juego] /  |c De Mente 
260 |a Argentina :  |b Ruibal,  |c c1998. 
300 |a 1 juego (1 tablero-patente, una bandeja doble plástica contenedora, 50 cartas Letras, 18 cartas Números, 1 reloj de arena, 4 lápices, block anotador) ; en caja 18 x 32 x 6 cm. + manual de instrucciones. 
500 |a Para 2 a 20 jugadores a partir de 8 años objetivo: conformar patentes dónde las letras te sugieren palabras y los números dan puntaje, ganará quién llegue o pase los 101 puntos. 
082 0 4 |a J793.734 
653 |a 1. juegos de palabras 
859 |a CEMS  |b BIB. CEMS - Ludoteca  |h J793.734  |i M528  |p 209.00  |t Ej.1